00225nam a22000857a 4500082002000000100001900020245006100039260002900100300001000129 aTNC K12x71 D968 aDwivedi, O. P. aThe public service in Canada and Indiacby O. P. Dwivedi aNew DelhibJawaharc1995 a289p.